| 000 | 00411nam a2200169Ia 4500 | ||
|---|---|---|---|
| 008 | 210210b2016 xxu||||| |||| 00| 0 eng d | ||
| 020 | _a8187134909 | ||
| 041 | _aeng | ||
| 082 | _a620.8 SATB | ||
| 100 | _aSATYANARAYANA (U) | ||
| 245 | _aBiotechnology | ||
| 260 |
_aKolkata _bBooks and Allied (P) Ltd. _c2016 |
||
| 300 | _axix,872 | ||
| 650 | _aBiotechnology | ||
| 690 | _aBiotechnology | ||
| 906 | _a071019 | ||
| 999 |
_c120408 _d120408 |
||